00812 2200253 4500001002100000005001700021008004100038035002500079040001200104082001100116084001900127090001900146245014000165260002800305300004500333500004900378650004900427700001900476700001000495700001000505700001600515700001500531850001200546INLIS00000000000180320150209105247.0  a0010-021500000000087 aYOPDYOG a915.98 aNUS 915.98 Sis aNUS 915.98 Sis aSISI Berita : Tradisi unik [rekaman video]c/ penanggung jawab Mahendra Wisnu ; editor, Syaefullah, Jefri, Indra ; produser Prita Laura aJakartabMetro TVc2013 aDVD : digital, stereo ; 4 3/4 in [2 DVD] aProgram Metro TV ; tanggal tayang 12/08/2013 aIndonesia-Kehidupan sosial dan adat istiadat aMahendra Wisnu aJefri aIndra aPrita Laura aSyaefullah aYOPDYOG